Star hawks (Registo nº 1819)

Detalhes MARC
000 -Etiqueta do registo
Cabeçalho 00845nam a22003011 4500
005 - Identificador da versão
Campo de controlo 20240813121917.0
095 ## -
-- PTBN00125255
021 ## - Número do Depósito Legal
Código do país PT
Número 20467/88
100 ## - Dados gerais de processamento
Dados gerais de processamento 20070514d1988 am y0pory5003 ba
102 ## - Pais de publicação ou produção
País de publicação Portugal
101 1# - Língua de publicação
Língua do texto, banda sonora, etc. Português
Língua do documento no original Inglês
106 ## - Campo de dados codificados: material textual
Dados codificados do material textual r
105 ## - Campo de dados codificados: livros
Dados codificados dos livros a t 000ay
215 ## - Descrição física 
Indicação específica da natureza do documento e extensão da espécie 36 p.
Outras indicações físicas todo il.
Dimensões 29 cm
200 1# - Titulo e menção de responsabilidade
Título próprio Star hawks
Primeira menção de responsabilidade Gil Kane, Ron Goulart
Outras menções de responsabilidade trad. Jorge Magalhães
Indicação de volume
225 2# - Colecção 
Título próprio da colecção Aventuras
Indicação de volume 10
210 ## - Publicação, Distribuição, etc. 
Lugar da edição, distribuição, etc. Lisboa
Nome do editor, distribuidor, etc. Futura
Data da publicação, distribuição, etc. D.L. 1988
606 ## - Nome comum usado como assunto
Número de registo de entrada de autoridade 0000255
Palavra de ordem Literatura estrangeira juvenil
Subdivisão de assunto Banda desenhada
675 ## - Classificação Decimal Universal (CDU)
Notação 82-9
Edição
Língua da edição por
702 #1 - Nome de autor-pessoa física (responsabilidade secundária)
Número de registo de entrada de autoridade 0000257
Palavra de ordem Magalhães
Outra parte do nome não tomada para palavra de ordem Jorge
Código de função Tradutor
701 #1 - Nome de autor-pessoa física (co-responsabilidade principal)
Palavra de ordem Goulart
Outra parte do nome não tomada para palavra de ordem Ron
Código de função Autor / Co-autor
700 #1 - Nome de autor-pessoa física (responsabilidade principal)
Número de registo de entrada de autoridade 0000338
Palavra de ordem Kane
Outra parte do nome não tomada para palavra de ordem Gil
Datas 1927-
942 ## - Elementos de entrada adicionados (Koha)
Tipo de item no Koha Livro
Exemplares
Situação do levantamento Origin of item (home branch) (coded) Biblioteca de empréstimo Código de barras Cota Circulation type (not for loan) Tipo de documento Nota do exemplar Damaged status
  Biblioteca Escolar da Coca Maravilhas Biblioteca Escolar da Coca Maravilhas BECM68/90 8BD STA   Livro Sem mensagem